000
00336nam a2200133Ia 4500
008
220216s9999 xx 000 0 und d
100
_a
Haridasan V
245
0
_a
Honey from rubber plantation: A study of its potential
260
_b
Planter
_c
1988
300
_a
409-414
700
_a
Jayarathnam K
700
_a
Nehru C R
942
_c
JS
999
_c
60482
_d
60482